Southville International School and Colleges
Your cart is empty.
  • Cart
  • Lists
    Public lists Eva Luna New books Lux_list list_1
    Your lists Log in to create your own lists
  • Log in to your account
  • Your cookies
  • Search history
Southville International School and Colleges
  • Advanced search
  • Recent comments
  • Most popular
  • Libraries

Log in to your account

Log in with GOOGLE


If you do not have an external account, but do have a local account, you can still log in:

  1. Home
  2. MARC view: The phlebotomy textbook /
Normal view MARC view ISBD view

The phlebotomy textbook / (Record no. 277389)

[ view plain ]
MARC details
000 -LEADER
fixed length control field 01250cam a2200349 a 4500
001 - CONTROL NUMBER
control field 16477333
005 - DATE AND TIME OF LATEST TRANSACTION
control field 20150126105618.0
008 - FIXED-LENGTH DATA ELEMENTS--GENERAL INFORMATION
fixed length control field 100923s2011 paua b 001 0 eng
010 ## - LIBRARY OF CONGRESS CONTROL NUMBER
LC control number 2010040771
020 ## - INTERNATIONAL STANDARD BOOK NUMBER
International Standard Book Number 9780803620575 (pbk.)
035 ## - SYSTEM CONTROL NUMBER
System control number (DNLM)101541924
040 ## - CATALOGING SOURCE
Original cataloging agency DNLM/DLC
Transcribing agency DLC
Modifying agency DLC
042 ## - AUTHENTICATION CODE
Authentication code pcc
050 00 - LIBRARY OF CONGRESS CALL NUMBER
Classification number RB 45.15
Item number .St774 2011
060 10 - NATIONAL LIBRARY OF MEDICINE CALL NUMBER
Classification number QY 25
082 00 - DEWEY DECIMAL CLASSIFICATION NUMBER
Classification number 616.07/561
100 1# - MAIN ENTRY--PERSONAL NAME
Personal name Strasinger, Susan King.
245 14 - TITLE STATEMENT
Title The phlebotomy textbook /
Statement of responsibility, etc Susan King Strasinger, Marjorie Schaub Di Lorenzo.
250 ## - EDITION STATEMENT
Edition statement 3rd ed.
260 ## - PUBLICATION, DISTRIBUTION, ETC. (IMPRINT)
Place of publication, distribution, etc Philadelphia :
Name of publisher, distributor, etc F.A. Davis Co.,
Date of publication, distribution, etc c2011.
300 ## - PHYSICAL DESCRIPTION
Extent xxiii, 470 pages :
Other physical details colored illustrations ;
Dimensions 26 cm.
500 ## - GENERAL NOTE
General note Rev. ed. of: The phlebotomy workbook / Susan King Strasinger, Marjorie Schaub Di Lorenzo. 2nd ed. c2003.
504 ## - BIBLIOGRAPHY, ETC. NOTE
Bibliography, etc Includes bibliographical references and index.
650 #0 - SUBJECT ADDED ENTRY--TOPICAL TERM
Topical term or geographic name as entry element Phlebotomy
General subdivision Practice.
650 12 - SUBJECT ADDED ENTRY--TOPICAL TERM
Topical term or geographic name as entry element Phlebotomy
General subdivision methods.
650 22 - SUBJECT ADDED ENTRY--TOPICAL TERM
Topical term or geographic name as entry element Blood Specimen Collection
General subdivision methods.
650 22 - SUBJECT ADDED ENTRY--TOPICAL TERM
Topical term or geographic name as entry element Clinical Laboratory Techniques.
700 1# - ADDED ENTRY--PERSONAL NAME
Personal name Di Lorenzo, Marjorie Schaub,
Dates associated with a name 1953-
906 ## - LOCAL DATA ELEMENT F, LDF (RLIN)
a 7
b cbc
c orignew
d 1
e ecip
f 20
g y-gencatlg
942 ## - ADDED ENTRY ELEMENTS (KOHA)
Source of classification or shelving scheme Library of Congress Classification
Koha item type Books
Holdings
Withdrawn status Lost status Source of classification or shelving scheme Damaged status Home library Current library Shelving location Date acquired Source of acquisition Sub Shelving location Total Checkouts Total Renewals Full call number Barcode Date last seen Date checked out Price effective from Koha item type
    Library of Congress Classification   South SEED-LPDH College Library South SEED-LPDH College Library South SEED-LPDH College Section 01/26/2015 Library Fund   15 114 RB 45.15 .St774 2011 SSLC1413 06/17/2020 04/28/2020 01/26/2015 Books

The phlebotomy textbook /

APA

Strasinger S. K., Di Lorenzo M. S., . (2011). The phlebotomy textbook. Philadelphia: F.A. Davis Co.

Chicago

Strasinger Susan King, Di Lorenzo Marjorie Schaub, . 2011. The phlebotomy textbook. Philadelphia: F.A. Davis Co.

Harvard

Strasinger S. K., Di Lorenzo M. S., . (2011). The phlebotomy textbook. Philadelphia: F.A. Davis Co.

MLA

Strasinger Susan King, Di Lorenzo Marjorie Schaub, . The phlebotomy textbook. Philadelphia: F.A. Davis Co. 2011.

  • Place hold
  • Print
  • Cite
  • Add to your cart (remove)
  • Save record
    BIBTEX Dublin Core MARCXML MARC (non-Unicode/MARC-8) MARC (Unicode/UTF-8) MARC (Unicode/UTF-8, Standard) MODS (XML) RIS
  • More searches
    Search for this title in:
    Other Libraries (WorldCat) Other Databases (Google Scholar) Online Stores (Bookfinder.com) Open Library (openlibrary.org)

Exporting to Dublin Core...

SOUTHVILLE LIBRARY

Southville International School and Colleges Library

1281 Tropical Ave. Cor. Luxembourg St., BF Homes International, Las Pinas City

Tel. No. 8256374 / 252358 Loc. 117/146

Powered by Koha